Litigios estructurales. Un diálogo entre los casos "Verbitsky" y "Mendoza" de la Corte Suprema de Justicia de la Nación / (Registro nro. 5492)
[ vista simple ]
| 000 -LEADER | |
|---|---|
| fixed length control field | 01295nab a22002177a 4500 |
| 003 - CONTROL NUMBER IDENTIFIER | |
| control field | OSt |
| 005 - DATE AND TIME OF LATEST TRANSACTION | |
| control field | 20251209120004.0 |
| 008 - FIXED-LENGTH DATA ELEMENTS--GENERAL INFORMATION | |
| fixed length control field | 190502c xxu||||| |||| 00| 0 spa d |
| 040 ## - CATALOGING SOURCE | |
| Transcribing agency | PJ |
| 245 10 - TITLE STATEMENT | |
| Title | Litigios estructurales. Un diálogo entre los casos "Verbitsky" y "Mendoza" de la Corte Suprema de Justicia de la Nación / |
| Statement of responsibility, etc | Nazareno Capaccio. |
| 260 ## - PUBLICATION, DISTRIBUTION, ETC. (IMPRINT) | |
| Place of publication, distribution, etc | Ciudad Autónoma de Buenos Aires : |
| Name of publisher, distributor, etc | Thomson Reuters La Ley, |
| Date of publication, distribution, etc | 2025. |
| 300 ## - PHYSICAL DESCRIPTION | |
| Extent | p. 9-18 |
| 500 ## - GENERAL NOTE | |
| General note | Cita Online: AR/DOC/1125/2025. |
| 505 ## - FORMATTED CONTENTS NOTE | |
| Formatted contents note | Sumario: I. Introducción.— II. Un litigio estructural para un problema estructural.— III. La modificación de políticas públicas y prácticas institucionales en “Verbitsky”.— IV. El aspecto institucional de los procesos colectivos estructurales.— V. El control judicial en la etapa de ejecución y posculminación.— VI. El control democrático.— VII. Los desafíos a modo de conclusión. |
| 505 ## - FORMATTED CONTENTS NOTE | |
| Title | ¿Te interesa el texto completo? Solicitalo al correo: koha@justierradelfuego.gov.ar |
| 650 #0 - SUBJECT ADDED ENTRY--TOPICAL TERM | |
| 9 (RLIN) | 343 |
| Topical term or geographic name as entry element | DERECHO PENAL |
| 650 #0 - SUBJECT ADDED ENTRY--TOPICAL TERM | |
| 9 (RLIN) | 3016 |
| Topical term or geographic name as entry element | POLÍTICAS PUBLICAS |
| 650 #0 - SUBJECT ADDED ENTRY--TOPICAL TERM | |
| 9 (RLIN) | 699 |
| Topical term or geographic name as entry element | FALLOS DE LA CORTE SUPREMA |
| 773 0# - HOST ITEM ENTRY | |
| Host Biblionumber | 2729 |
| Host Itemnumber | 3180 |
| Place, publisher, and date of publication | Buenos Aires : LexisNexis, 2006- |
| Title | Revista de derecho penal y procesal penal. Nº 7 - Julio 2025 |
| International Standard Book Number | 9875920622 |
| 942 ## - ADDED ENTRY ELEMENTS (KOHA) | |
| Source of classification or shelving scheme | |
| Koha item type | Analítica Artículo de Revista |
No hay ítems disponibles.
